[Event "Ch Hungary (team) 2001/02 (2 liga)"]
[Site "masterchessopen.com – Hungary"]
[Date "2002.01.27"]
[Round "6"]
[White "Vereb Gabor (HUN)"]
[Black "Havasi Tamas (HUN)"]
[Result "1-0"]
[WhiteElo "2211"]
[BlackElo "2170"]

1.e4 c5 2.Nf3 Nc6 3.d4 cxd4 4.Nxd4 Nf6 5.Nc3 d6 6.Bg5 e6 7.Qd2 a6 8.O-O-O Be7
9.f4 Bd7 10.Nf3 Qc7 11.e5 dxe5 12.fxe5 Ng4 13.Bxe7 Nxe7 14.h3 Nh6 15.Ne4 O-O-O
16.Nd6+ Kb8 17.Ng5 Bc6 18.Bd3 Bd5 19.Ngxf7 Nc6 20.Nxh8 Nxe5 21.Nhf7 Nhxf7
22.Nxf7 Qxf7 23.Rhf1 Qc7 24.Be4 Nc4 25.Qd4 Rc8 26.Bxd5 exd5 27.c3 Qa5 28.Kb1
Qb5 29.Rf2 Re8 30.Qxd5 Qxd5 31.Rxd5 Re1+ 32.Kc2 Ne3+ 33.Kd2 Rd1+ 34.Kxe3 Rxd5
35.Rf7 Rg5 36.g4 h5 37.Kf4 Rb5 38.Rxg7 hxg4 39.hxg4 Rxb2 40.g5 Rxa2 41.Re7
Rf2+ 42.Ke5 Rc2 43.g6 Ka7 44.g7 Rg2 45.Kf6 Kb6 46.Re5 {#r} 1-0

[Event "It (open)"]
[Site "masterchessopen.com – Arco (Italy)"]
[Round "3"]
[White "Swinkels Jos (NED)"]
[Black "Femiano Andrea (ITA)"]
[Result "0-1"]
[WhiteElo "2034"]
[BlackElo "2141"]

1.e4 c5 2.Nf3 Nc6 3.d4 cxd4 4.Nxd4 Nf6 5.Nc3 d6 6.Bg5 e6 7.Qd2 Be7 8.O-O-O a6
9.f4 Bd7 10.Be2 Rc8 11.Kb1 b5 12.Bf3 Na5 13.Rhe1 Nc4 14.Qd3 b4 15.Nd5 exd5
16.Bxf6 Bxf6 17.exd5+ Kf8 18.Nc6 Nxb2 19.Nxd8 Nxd3 20.Ne6+ Bxe6 21.cxd3 Bd7
{#R} 0-1

[Event "It (open)"]
[Site "masterchessopen.com – Helsinki (Finland)"]
[Round "3"]
[White "Agopov Mikael (FIN)"]
[Black "Molander Riku (FIN)"]
[Result "1-0"]
[WhiteElo "2393"]
[BlackElo "2328"]

1.e4 c5 2.Nf3 d6 3.d4 cxd4 4.Nxd4 Nf6 5.Nc3 Nc6 6.Bg5 e6 7.Qd2 a6 8.O-O-O Bd7
9.f4 Be7 10.Kb1 b5 11.Bxf6 gxf6 12.Nxc6 Bxc6 13.Qe3 Qc7 14.f5 b4 15.Ne2 e5
16.Ng3 Rc8 17.Bxa6 Ba4 18.Bxc8 Bxc2+ 19.Ka1 Qxc8 20.Rc1 O-O 21.Nh5 Kh8 22.Qh6
Rg8 23.Nxf6 Rg7 24.Rxc2 Qxc2 25.Rc1 {#r} 1-0

[Event "It (open) (juniors) (under 20)"]
[Site "masterchessopen.com – Hengelo (Netherlands)"]
[Round "6"]
[White "Nabuurs Joep (NED)"]
[Black "Van Eijk Sander (NED)"]
[Result "0-1"]
[WhiteElo "2206"]
[BlackElo "2203"]

1.e4 c5 2.Nf3 Nc6 3.d4 cxd4 4.Nxd4 Nf6 5.Nc3 d6 6.Bg5 e6 7.Qd2 a6 8.O-O-O Bd7
9.f4 Be7 10.h3 b5 11.Bxf6 gxf6 12.a3 Qb6 13.g4 Rc8 14.Nxc6 Bxc6 15.f5 a5
16.fxe6 fxe6 17.Qh6 b4 18.axb4 axb4 19.Nb5 Bxe4 20.Nd4 Rc5 21.Rh2 Re5 22.Bc4
Bd5 23.Qg7 Rf8 24.Bb5+ Kd8 25.Rhd2 Rg5 26.Nxe6+ Bxe6 27.Rxd6+ Bxd6 28.Qxf8+
Kc7 {#R} 0-1

[Event "It (young masters) (cat.5)"]
[Site "masterchessopen.com – Zug (Switzerland)"]
[Round "7"]
[White "Widmer Simon (SUI)"]
[Black "Rau Hannes (GER)"]
[Result "0-1"]
[WhiteElo "2199"]
[BlackElo "2384"]

1.e4 c5 2.Nf3 d6 3.d4 cxd4 4.Nxd4 Nf6 5.Nc3 Nc6 6.Bg5 e6 7.Qd2 a6 8.O-O-O Bd7
9.f4 Be7 10.Be2 O-O 11.Bf3 Qc7 12.g4 Rac8 13.h4 Na5 14.Qe1 Nc4 15.Nb3 b5
16.Rh2 a5 17.Bxf6 Bxf6 18.g5 Be7 19.Nd4 d5 20.e5 Bb4 21.Rd3 a4 22.Nde2 a3
23.bxa3 Bxa3+ 24.Kb1 b4 25.Nd1 Nxe5 {#R} 0-1

[Event "It (open)"]
[Site "masterchessopen.com – Zurich (Switzerland)"]
[Round "1"]
[White "Deuber Roman (SUI)"]
[Black "Greenfeld Alon (ISR)"]
[Result "0-1"]
[WhiteElo "2096"]
[BlackElo "2547"]

1.e4 c5 2.Nf3 Nc6 3.d4 cxd4 4.Nxd4 Nf6 5.Nc3 d6 6.Bg5 e6 7.Qd2 Be7 8.O-O-O a6
9.f4 Bd7 10.Nxc6 Bxc6 11.e5 dxe5 12.Qe1 Nd7 13.Bxe7 Qxe7 14.Qg3 Qf6 15.fxe5
Qxe5 16.Qh3 O-O-O 17.Kb1 Nc5 18.Be2 Na4 19.Nxa4 Qxe2 20.Nc3 Qxg2 21.Rxd8+ Rxd8
22.Qxg2 Bxg2 23.Rg1 Bh3 24.Rxg7 Bf5 25.Kc1 Bg6 {#R} 0-1

[Event "Ch France (team) (2) 2003/04"]
[Site "masterchessopen.com – France"]
[Date "2004.01.18"]
[Round "6"]
[White "Chabradze Boris (GEO)"]
[Black "Imbert Christophe (FRA)"]
[Result "0-1"]
[WhiteElo "2131"]
[BlackElo "2096"]

1.e4 c5 2.Nf3 d6 3.d4 cxd4 4.Nxd4 Nf6 5.Nc3 Nc6 6.Bg5 e6 7.Qd2 a6 8.O-O-O Bd7
9.f4 Be7 10.Be2 h6 11.Bh4 Qc7 12.g4 g5 13.fxg5 Nh7 14.Nf3 hxg5 15.Bxg5 Nxg5
16.Nxg5 Ne5 17.h4 O-O-O 18.Rdf1 Qc5 19.Kb1 Rdf8 20.h5 b5 21.Nh3 Bc6 22.Nf2 Kb8
23.Nd3 Qd4 24.Rd1 b4 25.Nxb4 Qxb4 26.Bxa6 Ka7 27.Bb5 Rb8 28.Rh3 Bxb5 29.Nxb5+
Rxb5 30.Rb3 Qc5 31.Rxb5 Qxb5 32.Qd4+ Kb7 33.Re1 Bf6 34.a4 Qc5 35.Qd1 Kc7 36.c3
Rb8 37.Qc2 Nc4 38.Rf1 {#R} 0-1

[Event "It (open) \"]
[Site "masterchessopen.com – Moscow (Russia)"]
[Date "2004.02.20"]
[Round "4"]
[White "Rodin Mihail (RUS)"]
[Black "Tseitlin Mark D (ISR)"]
[Result "0-1"]
[WhiteElo "2363"]
[BlackElo "2406"]

1.e4 c5 2.Nf3 Nc6 3.d4 cxd4 4.Nxd4 Nf6 5.Nc3 d6 6.Bg5 e6 7.Qd2 a6 8.O-O-O Be7
9.f4 Bd7 10.Nf3 b5 11.Bd3 Rc8 12.e5 b4 13.Ne2 dxe5 14.fxe5 Nd5 15.Bxe7 Qxe7
16.Nf4 O-O 17.Be4 b3 18.Bxd5 bxc2 19.Rde1 exd5 20.Nxd5 Qc5 21.Nc3 Rfd8 22.Qd6
Qa7 23.Qd3 Nb4 24.Qe4 a5 25.Ng5 g6 26.e6 Bxe6 27.Nxe6 Nd3+ 28.Kxc2 Nxe1+
29.Rxe1 Re8 30.Qg4 Qd7 31.Qg5 Rxe6 32.Rxe6 Qxe6 33.Qxa5 Qe2+ 34.Kb1 Qf1+
35.Kc2 Qxg2+ {#R} 0-1

[Event "Ch Russia (juniors) (under 12) (g)"]
[Site "masterchessopen.com – Dagomys (Russia)"]
[Round "8"]
[White "Bezgodova Maria (RUS)"]
[Black "Sorokina Anastasia (RUS)"]
[Result "0-1"]
[WhiteElo "2226"]
[BlackElo "2095"]

1.e4 c5 2.Nf3 Nc6 3.d4 cxd4 4.Nxd4 Nf6 5.Nc3 d6 6.Bg5 e6 7.Qd2 Be7 8.O-O-O a6
9.f4 Bd7 10.Nxc6 bxc6 11.e5 dxe5 12.fxe5 Nd5 13.Bxe7 Qxe7 14.Ne4 O-O 15.h4
Rab8 16.Bc4 Rb4 17.Nd6 Rfb8 18.b3 f6 19.c3 R4b6 20.a4 a5 21.Qd4 c5 22.Qd3 fxe5
23.Ne4 Be8 24.g4 Nf4 25.Qe3 Bxa4 {#R} 0-1

[Event "It"]
[Site "masterchessopen.com – Los Llanos de Ariadne (Spain)"]
[Date "2004.04.06"]
[Round "5"]
[White "Trujillo Delgado Dafnae (ESP)"]
[Black "Raceanu Valentin (ROM)"]
[Result "1-0"]
[WhiteElo "2155"]
[BlackElo "2370"]

1.e4 c5 2.Nf3 Nc6 3.d4 cxd4 4.Nxd4 Nf6 5.Nc3 d6 6.Bg5 e6 7.Qd2 a6 8.O-O-O Bd7
9.f4 Be7 10.Kb1 b5 11.a3 Qa5 12.Nb3 Qc7 13.Be2 Rb8 14.Rhe1 b4 15.axb4 Rxb4
16.Bxa6 O-O 17.e5 dxe5 18.Bxf6 Bxf6 19.Qxd7 Qb6 20.Rd6 Rd8 21.Qxc6 {#r} 1-0

[Event "It (cat.12)"]
[Site "masterchessopen.com – Montreal (Canada)"]
[Round "5"]
[White "Charbonneau Pascal (CAN)"]
[Black "Tyomkin Dimitri (CAN)"]
[Result "1-0"]
[WhiteElo "2490"]
[BlackElo "2505"]

{ } 1.e4 { 1 } 1...c5 2.Nf3 Nc6 3.d4 cxd4 4.Nxd4 Nf6 5.Nc3 d6 6.Bg5 e6 7.Qd2
a6 8.O-O-O Be7 9.f4 Bd7 10.Be2 { = } 10...h6 ( 10...O-O 11.Bf3 h6 12.Bh4 Nxe4
13.Bxe7 Nxd2 14.Bxd8 Nxf3 15.Nxf3 Rfxd8 16.Rxd6 Kf8 17.Rhd1 Ke7 18.Na4 Be8
19.Rxd8 Rxd8 20.Nc5 Rb8 21.Rd3 a5 22.Rb3 b5 23.a3 a4 24.Rc3 Rd8 25.Nd3 f6
26.Rc5 Rb8 27.Rc3 g5 28.g3 Kd6 29.Nc5 g4 30.Ne4+ { ...1/2-1/2, Fischer Robert
J 2785 - Spassky Boris V 2660 , Reykjavik 1972 Ch World (match) } ) 11.Bh4 (
11.Bxf6 gxf6 12.Bh5 b5 13.f5 b4 14.Nce2 e5 15.Nxc6 Bxc6 16.Qxb4 d5 17.Qc3 Qd7
18.exd5 Bxd5 19.Rd3 Qc6 20.Rhd1 Qxc3 21.Rxc3 Bxg2 22.Rc7 Rd8 23.Ra7 Rg8 24.Ng3
Rxd1+ 25.Kxd1 Bd5 26.Rxa6 Kf8 27.a4 Rg5 28.Kd2 Bc5 29.b3 Bf2 30.c4 Bxg3 {
...1-0, Konstantinov Alexandr 2332 - Kalygin Sergey V 2482 , Alushta 2002 It
(cat.8) } ) 11...Qb6 { N } ( 11...Nxd4 12.Qxd4 Bc6 13.Bf3 g5 ( 13...Qc7 14.e5
dxe5 15.fxe5 Rd8 16.Qc4 Nd5 17.Bxe7 { 1/2-1/2, Farou Fabrice 2037 - Masera
Michel 2066 , Avoine 2003 It (open) } ) 14.fxg5 e5 15.Qc4 Nh7 16.g6 fxg6
17.Bg3 Qc8 18.Rhf1 Nf6 19.Qb3 Rf8 20.h3 b5 21.Rf2 Qb7 22.Rdf1 O-O-O 23.Bh4 g5
24.Bg3 Kb8 25.Re1 h5 26.Qe6 Rde8 27.Qb3 g4 28.hxg4 hxg4 29.Bd1 b4 30.Rxf6 Bxf6
31.Nd5 { ...0-1, Roeberg Frank 2310 - Mohandesi Shahin 2320 , Giessen 1994 It
} ) ( 11...Qc7 12.Nb3 ( 12.Nf3 O-O-O 13.Kb1 Kb8 14.h3 Bc8 15.Qe3 Rhe8 16.Bf2
b5 17.Nd4 Bb7 18.Bf3 Nd7 19.Rhe1 Nc5 20.Nxc6+ Bxc6 21.e5 Bxf3 22.Qxf3 Rc8
23.Qe2 Red8 24.Bxc5 Qxc5 25.Ne4 { 1/2-1/2, Gergen Harald 2055 - Ruether Rudolf
2145 , Germany 2000 Bayern Landesliga South 2000/01 } ) 12...O-O-O 13.Bxf6
gxf6 14.Bh5 Rh7 15.Kb1 Kb8 16.Qf2 Na5 17.Nxa5 Qxa5 18.f5 Rc8 19.Rd3 Qc5 20.Qd2
Rg8 21.Rd1 Bc6 22.Re1 Rg5 23.Bf3 Bf8 24.a3 h5 25.e5 d5 26.fxe6 fxe6 27.exf6
Bh6 28.Qe2 Bd7 29.Bxh5 Qf8 30.h4 Rxh5 31.Qxh5 { ...1-0, Kudrin Sergey 2542 -
Perelshteyn Eugene 2442 , Las Vegas 2002 It (open) } ) ( 11...O-O 12.Nf3 (
12.Nb3 Nxe4 13.Nxe4 Bxh4 14.Qxd6 Qb6 15.Qc5 Qc7 16.Qd6 Qb6 17.Qc5 Qc7 18.Qd6 {
1/2-1/2, Seferjan Narek 2513 - Koptsov Mikhail 2322 , Moscow 2002 It (cat.7) }
) 12...Qa5 13.Kb1 Rad8 14.Bd3 b5 15.g4 b4 16.Ne2 d5 17.Bxf6 Bxf6 18.e5 Be7
19.f5 b3 20.cxb3 Qxd2 21.Rxd2 Bc5 22.a3 Be3 23.Rc2 a5 24.Re1 Rb8 25.Ka2 Rfe8
26.Nc3 d4 27.f6 gxf6 28.Ne4 { 1-0, Hracek Zbynek 2612 - Popovic Petar 2500 ,
Novi Sad 2000 Ch Yugoslavia (team) } ) ( 11...b5 12.Bf3 Rc8 ( 12...b4 13.Nce2
Qa5 14.Kb1 Rc8 15.e5 Nxd4 16.Qxd4 dxe5 17.fxe5 Bc5 18.Qf4 Nd5 19.Bxd5 exd5
20.Rhf1 Be6 21.Nd4 Bxd4 22.Rxd4 Qb5 23.Rxb4 Qe2 24.Rc1 O-O 25.Qf2 Qxe5 26.Bg3
{ 1/2-1/2, Marie Maxime 2194 - Gallot Nicolas 2081 , St. Lo 2001 Tournament
(2) } ) 13.Nxc6 Bxc6 14.Bxf6 Bxf6 15.Qxd6 Qxd6 16.Rxd6 Bxc3 17.bxc3 Ke7
18.Rhd1 Rc7 19.R1d3 Rhc8 20.e5 Bxf3 21.Rxf3 a5 22.Ra6 a4 23.Rb6 Rc5 24.Rb7+
R8c7 25.Rxc7+ Rxc7 26.Kd2 Rc4 27.a3 g5 28.g3 gxf4 29.Rxf4 Rc5 30.Re4 Rd5+
31.Ke2 { ...1/2-1/2, Kavalek Lubomir 2625 - Liberzon Vladimir M 2515 ,
Solingen 1974 } ) ( 11...g5 12.fxg5 Nh7 13.Nxc6 Bxc6 ( 13...bxc6 14.Kb1 hxg5
15.Bg3 e5 16.Bc4 Qc8 17.Na4 Rb8 18.Nc5 Nf6 19.Nxd7 Qxd7 20.Rhf1 Qb7 21.b3 Rf8
22.Qe2 a5 23.Rf5 Nd7 24.Qh5 Qb4 25.Bxf7+ Kd8 26.Bg6 a4 27.Rxf8+ Bxf8 28.Qxg5+
Kc7 29.Qd2 axb3 30.cxb3 Qa3 31.Qb2 { ...1/2-1/2, Murariu Andrei 2364 - Deepan
Chakkravarthy J 2388 , Nakhchivan 2003 Ch World (juniors) (under 20) } )
14.Qd4 Bxg5+ 15.Bxg5 Qxg5+ 16.Kb1 O-O-O 17.Rhf1 Rhf8 18.g3 Qe5 19.Qb6 Qc5
20.Qxc5 dxc5 21.Kc1 Kc7 22.Bh5 Rxd1+ 23.Kxd1 Be8 24.Bg4 Kd6 25.Kd2 Ke5 26.Ke3
Nf6 27.Be2 Bc6 28.Rf4 Rg8 29.Rh4 Rg6 30.Bh5 Nxh5 31.Rxh5+ { ...1-0, Hoffman
Alejandro 2494 - Garcia Gildardo 2445 , Dubai 1986 Olympiad } ) ( 11...Rc8
12.Nf3 Nb4 13.Kb1 d5 14.Ne5 Qa5 15.a3 Rxc3 16.Qxc3 Nxe4 17.Qh3 Nc6 18.Nxd7
Bxh4 19.Qxh4 Kxd7 20.f5 exf5 21.Qf4 g6 22.Bc4 Qa4 23.Rxd5+ Ke7 24.Qc7+ Kf6
25.Bb3 { 1-0, Mueller Karsten 2513 - Baklan Vladimir 2599 , Germany 2000
Bundesliga 1999/00 } ) 12.Nb3 O-O-O { ? } ( { ? } 12...O-O 13.Bxf6 Bxf6 14.Na4
Qf2 { } ) 13.Bf3 Qc7 14.Bf2 Na5 15.Nxa5 Qxa5 16.Qe3 { N } ( 16.Kb1 Qc7 17.Rhe1
Bc6 18.Bd4 { 1/2-1/2, Kountz Jochen 2303 - Kargoll Boris 2259 , Ladenburg 1992
It (a) } ) 16...Qc7 17.Kb1 Bc6 18.Rd2 { ?! } ( 18.Qa7 { !? } 18...Nd7 19.Rhe1
Rhf8 20.Bd4 { } ) 18...g5 19.g3 gxf4 20.gxf4 Rhg8 21.h3 { ?! } ( 21.Rg1 { !? }
21...Rxg1+ 22.Bxg1 Rg8 23.Rd1 { } ) 21...d5 22.exd5 exd5 23.Qe2 Bb4 24.Bd4
Bxc3 25.Bxc3 Ne4 26.Bxe4 dxe4 27.Rxd8+ Rxd8 28.Qe3 Qd6 29.b3 Qg6 30.Rg1 Qh5
31.Rg4 Qb5 32.Kb2 Qf1 { ?! } ( 32...b6 { !? } 33.Rg7 Rd7 34.Rg8+ Kb7 { } )
33.Ba5 { ?! } ( 33.Be5 { !? } 33...Rd1 34.Qb6 Kd7 35.Qc7+ { } ) 33...Rd1 { ?!
} ( 33...Re8 { !? } 34.Qb6 Kb8 35.Rh4 Qg2 { } ) 34.Ka3 { ?! } ( 34.Qc5 { !? }
34...Rb1+ 35.Ka3 Qc1+ 36.Kb4 { } ) 34...Qb5 { ? } ( { ? } 34...Rd6 35.Rg8+ Kd7
36.Bb4 Rd5 { } ) 35.Rg8+ Be8 36.Qc3+ Kd7 37.Qc7+ Ke6 38.Qe5+ Qxe5 39.Rxe8+ Kf5
40.fxe5 e3 41.Re7 Kg6 42.Rxb7 e2 43.Rb6+ Kf5 44.Rf6+ Kxe5 45.Rxf7 { } {#r} 1-0

[Event "Ch Russia (club) (juniors)"]
[Site "masterchessopen.com – Rybinsk (Russia)"]
[Round "9"]
[White "Lanin Alexsej (RUS)"]
[Black "Shorokhov Alexandr (RUS)"]
[Result "0-1"]
[WhiteElo "2363"]
[BlackElo "2475"]

1.e4 c5 2.Nf3 d6 3.d4 cxd4 4.Nxd4 Nf6 5.Nc3 Nc6 6.Bg5 Bd7 7.Qd2 a6 8.O-O-O e6
9.f4 Be7 10.Nf3 b5 11.e5 b4 12.Na4 dxe5 13.Nb6 Qxb6 14.Bxf6 gxf6 15.Qxd7+ Kf8
16.Qd2 e4 17.f5 exf3 18.Qh6+ Ke8 19.fxe6 Qc5 20.h4 fxe6 21.Qg7 Rf8 22.Qxh7 f2
23.Qe4 Rd8 24.Bxa6 Ne5 25.Be2 Rh8 26.Rxd8+ Bxd8 27.Qf4 f5 28.g4 Nf7 29.Kb1
Rxh4 30.Rf1 Bc7 31.Qf3 Rxg4 32.Qa8+ Ke7 33.Bxg4 fxg4 34.Qe4 g3 35.Qh4+ Ke8
36.Qe4 Be5 37.Rd1 Ke7 38.Qb7+ Bc7 39.Qe4 Bd6 40.Qb7+ Kf6 41.Rh1 Qf5 42.Qg2 Ng5
43.b3 Qf3 44.Rh6+ Kg7 45.Rh7+ Kxh7 {#R} 0-1

[Event "Ch Spain (open)"]
[Site "masterchessopen.com – Sevilla (Spain)"]
[Date "2004.08.13"]
[Round "1"]
[White "Fidalgo Fernandez Javier (ESP)"]
[Black "Fluvia Poyatos Joan (ESP)"]
[Result "0-1"]
[WhiteElo "2140"]
[BlackElo "2467"]

1.e4 c5 2.Nf3 Nc6 3.d4 cxd4 4.Nxd4 Nf6 5.Nc3 d6 6.Bg5 e6 7.Qd2 a6 8.O-O-O Bd7
9.f4 Be7 10.Nf3 h6 11.Bh4 b5 12.e5 b4 13.exf6 bxc3 14.Qxc3 gxf6 15.Nd2 d5
16.Qg3 Kf8 17.Be2 Qc7 18.Kb1 Rb8 19.Nb3 Nb4 20.Rc1 Rg8 21.Qf2 a5 22.c3 Nc6
23.Ka1 a4 24.Nd4 Qb7 25.Bd3 Na5 26.Rce1 Rc8 27.Qd2 Rg4 28.g3 Qa7 29.Kb1 Rb8
30.Qe2 Rxh4 31.gxh4 Ba3 32.Nb5 Bxb5 33.Bxb5 Qc5 34.bxa3 Rxb5+ 35.Kc2 Nc4
36.Qd1 Rb2+ 37.Kd3 Ne5+ {#R} 0-1

[Event "It (cat.7)"]
[Site "masterchessopen.com – Budapest (Hungary)"]
[Date "2004.11.13"]
[Round "8"]
[White "Reutsky Sergei (RUS)"]
[Black "Wittmann Walter (AUT)"]
[Result "0-1"]
[WhiteElo "2318"]
[BlackElo "2339"]

1.e4 c5 2.Nf3 d6 3.d4 cxd4 4.Nxd4 Nf6 5.Nc3 Nc6 6.Bg5 e6 7.Qd2 a6 8.O-O-O Bd7
9.f4 Be7 10.Kb1 b5 11.Nxc6 Bxc6 12.Qd4 O-O 13.Bd3 d5 14.e5 Nd7 15.Bxe7 Qxe7
16.Rhf1 b4 17.Ne2 Bb5 18.Ng3 Bxd3 19.Qxd3 Rfc8 20.Qe2 g6 21.Rd4 Rc6 22.Rfd1
Rac8 23.R1d2 Nb6 24.b3 a5 25.Kc1 a4 26.Kd1 axb3 27.axb3 Qa7 28.Ke1 Qa1+ 29.Qd1
Qa7 30.Nf1 Rc3 31.Qe2 Nd7 32.R4d3 R3c6 33.Rd4 Rxc2 34.Ne3 Rc1+ 35.Kf2 R8c3
36.g3 Nc5 37.Kg2 Nxb3 38.Nxd5 Nxd4 39.Nf6+ Kh8 40.Qb5 Qa8+ 41.Kh3 Nxb5 {#R}
0-1

[Event "Ch Finland (team) 2005/06"]
[Site "masterchessopen.com – Finland"]
[Date "2005.09.18"]
[Round "2"]
[White "Salokangas Hannu (FIN)"]
[Black "Molander Riku (FIN)"]
[Result "0-1"]
[WhiteElo "2171"]
[BlackElo "2323"]

1.e4 c5 2.Nf3 d6 3.d4 cxd4 4.Nxd4 Nf6 5.Nc3 Nc6 6.Bg5 e6 7.Qd2 a6 8.O-O-O Bd7
9.f4 Be7 10.Be2 b5 11.Bf3 Rc8 12.Kb1 Na5 13.e5 dxe5 14.fxe5 Nc4 15.Qe1 Nd5
16.Bxe7 Nxc3+ 17.Qxc3 Qxe7 18.Bb7 Rc7 19.Bxa6 Qc5 20.a4 bxa4 21.Qxc4 Qxc4
22.Bxc4 Rxc4 23.Rd2 Ke7 24.Rhd1 Rc7 25.b3 Rb8 26.Kb2 Be8 27.Rd3 Rc5 28.Re1 g6
29.Rc3 a3+ {#R} 0-1

[Event "Czech League 2005/06 (2nd) (a)"]
[Site "masterchessopen.com – Czech Republic"]
[Date "2005.12.04"]
[Round "4"]
[White "Zvara Petr (CZE)"]
[Black "Pinc Miroslav (CZE)"]
[Result "1-0"]
[WhiteElo "2391"]
[BlackElo "2205"]

1.e4 c5 2.Nf3 d6 3.d4 cxd4 4.Nxd4 Nf6 5.Nc3 Nc6 6.Bg5 a6 7.Qd2 e6 8.O-O-O Bd7
9.f4 Be7 10.Kb1 Qc7 11.Be2 Nxd4 12.Qxd4 Bc6 13.f5 e5 14.Qe3 Nxe4 15.Nxe4 Bxe4
16.Qxe4 Bxg5 17.Bc4 O-O 18.h4 Rac8 19.Bd5 Bf4 20.f6 Qc5 21.fxg7 Kxg7 22.Qf5
Rc7 23.g3 Be3 24.Be4 Rh8 25.Rhf1 h5 26.Qf6+ Kg8 27.Rxd6 {#r} 1-0

[Event "It (open)"]
[Site "masterchessopen.com – Villa Ballester (Argentina)"]
[Date "2006.01.11"]
[Round "6"]
[White "Sambuco Salomone Lucas (ARG)"]
[Black "Alvarez Roberto (ARG)"]
[Result "1-0"]
[WhiteElo "2021"]
[BlackElo "2132"]

1.e4 c5 2.Nf3 d6 3.d4 cxd4 4.Nxd4 Nf6 5.Nc3 Nc6 6.Bg5 Bd7 7.Qd2 a6 8.O-O-O e6
9.f4 Be7 10.Kb1 b5 11.Bxf6 gxf6 12.f5 Qb6 13.fxe6 fxe6 14.Nxc6 Bxc6 15.Be2 h5
16.Bf3 O-O-O 17.Ne2 Be8 18.Nf4 Bf7 19.Qe2 Qc5 20.Rd3 Kb8 21.Rc3 Qb6 22.Rd1 e5
23.Nd5 Bxd5 24.Rxd5 Rc8 25.Rb3 Rc5 26.a4 Rxd5 27.exd5 f5 28.axb5 a5 29.Rc3 Rc8
30.Rxc8+ Kxc8 31.Bxh5 Qc5 32.Bf7 Kc7 33.g3 Bg5 34.h4 Be3 35.h5 Bh6 36.Bg6 Qxd5
37.Bxf5 Qh1+ 38.Ka2 Qd5+ 39.c4 Qc5 40.Qe4 Be3 41.Be6 Bd4 42.Qa8 Qb4 43.Qc8+
Kb6 44.Qc6+ Ka7 45.Qc7+ {#r} 1-0

[Event "Ch Romania (juniors) (under 20)"]
[Site "masterchessopen.com – Predeal (Romania)"]
[Date "2006.04.15"]
[Round "4"]
[White "Madan Augustin (ROM)"]
[Black "Murariu Andrei (ROM)"]
[Result "0-1"]
[WhiteElo "2420"]
[BlackElo "2474"]

1.e4 c5 2.Nf3 Nc6 3.d4 cxd4 4.Nxd4 Nf6 5.Nc3 d6 6.Bg5 e6 7.Qd2 a6 8.O-O-O Bd7
9.f4 Be7 10.Nb3 b5 11.Bxf6 gxf6 12.Bd3 Qb6 13.Rhe1 h5 14.Qe2 b4 15.Nd5 exd5
16.exd5 Bg4 17.Qf1 Na5 18.Rd2 Nxb3+ 19.axb3 Bc8 20.Rde2 Ra7 21.f5 Kd8 22.Kb1
a5 23.Re4 Re8 24.Bb5 Ba6 25.Bxa6 Qxa6 26.Qf2 Rb7 27.Qd2 Qb5 28.Qd4 Qd7 29.Qc4
Qxf5 30.Qa6 Qxd5 31.Qe2 Qb5 32.Qf3 a4 33.bxa4 Qxa4 34.Qe3 f5 35.Rd4 Bf8
36.Qg5+ Kc8 37.Qxf5+ Kb8 38.Rxe8+ Qxe8 39.Re4 Qc6 40.Re2 Rc7 41.Qxh5 b3 42.Qf5
bxc2+ 43.Rxc2 Qxc2+ 44.Qxc2 Rxc2 45.Kxc2 Kc7 46.b4 Kc6 47.h4 d5 48.Kc3 Bg7+
49.Kb3 Kb5 50.h5 f5 {#R} 0-1

[Event "Memorial R.Nezhmetdinov"]
[Site "masterchessopen.com – Kazan (Russia)"]
[Date "2006.06.04"]
[Round "4"]
[White "Predke Alexandr (RUS)"]
[Black "Vasenev Sergey (RUS)"]
[Result "1-0"]
[WhiteElo "2129"]
[BlackElo "2328"]

1.e4 c5 2.Nf3 d6 3.d4 cxd4 4.Nxd4 Nf6 5.Nc3 Nc6 6.Bg5 e6 7.f4 Be7 8.Qd2 a6
9.O-O-O Bd7 10.Be2 Rc8 11.g4 b5 12.Bf3 Qc7 13.Bxf6 Bxf6 14.Ndxb5 axb5 15.Nxb5
Bxb2+ 16.Kxb2 Qb6 17.a4 Na5 18.Be2 O-O 19.Qxd6 Qf2 20.Qd2 Bc6 21.Rhf1 Qb6
22.Qd4 Qb7 23.Bd3 Ra8 24.f5 Rfd8 25.Qb4 e5 26.Be2 Rdc8 27.Bd3 h6 28.f6 Bxb5
29.axb5 Nc6 30.Qd6 Nd4 31.Qxe5 Qb6 32.Ra1 Rab8 33.c4 Rc5 34.Qe7 Nc6 35.Qd6 Rd8
36.Ra6 Rxd6 37.Rxb6 Rxd3 38.Rxc6 Rxc6 39.bxc6 Rd6 40.fxg7 Rxc6 41.Kc3 Kxg7
42.Kd4 Rd6+ 43.Ke5 Rd2 44.Rc1 {#r} 1-0

[Event "It (open)"]
[Site "masterchessopen.com – Avoine (France)"]
[Date "2006.07.27"]
[Round "6"]
[White "Marie Maxime (FRA)"]
[Black "Schabanel Stephane (FRA)"]
[Result "1-0"]
[WhiteElo "2226"]
[BlackElo "2298"]

1.e4 c5 2.Nf3 d6 3.d4 cxd4 4.Nxd4 Nf6 5.Nc3 Nc6 6.Bg5 e6 7.Qd2 a6 8.O-O-O Be7
9.f4 Bd7 10.Kb1 b5 11.Bxf6 Bxf6 12.Nxc6 Bxc6 13.Qxd6 Qxd6 14.Rxd6 Rc8 15.e5
Be7 16.Rd3 O-O 17.Rg3 b4 18.Nd1 Rfd8 19.Bxa6 Ra8 20.Bd3 Ra7 21.Ne3 h5 22.Rd1
h4 23.Rg4 h3 24.f5 exf5 25.Nxf5 Bf8 26.Nh6+ Kh8 27.Nxf7+ Rxf7 28.Rh4+ Kg8
29.Bh7+ Kh8 30.Bg6+ Kg8 31.Bxf7+ Kxf7 32.Rxd8 Be7 33.Rf4+ Ke6 34.Rg8 g5 35.Rg4
hxg2 36.R8xg5 {#r} 1-0

[Event "It (open)"]
[Site "masterchessopen.com – Tibor (Czech Republic)"]
[Date "2006.08.03"]
[Round "6"]
[White "Janovsky Martin (CZE)"]
[Black "Vybiral Zdenek (CZE)"]
[Result "0-1"]
[WhiteElo "1888"]
[BlackElo "2178"]

1.e4 c5 2.Nf3 d6 3.d4 cxd4 4.Nxd4 Nf6 5.Nc3 Nc6 6.Bg5 e6 7.Qd2 Be7 8.O-O-O a6
9.f4 Bd7 10.Be2 Qc7 11.Rhe1 O-O-O 12.Bf3 h6 13.Bxf6 Bxf6 14.Nb3 Be8 15.Re3 Na5
16.Nxa5 Qxa5 17.Kb1 Bc6 18.Rd3 Qb6 19.Qe3 Qxe3 20.Rxe3 Kc7 21.Ne2 g5 22.g3
Rhg8 23.Nd4 Bxd4 24.Rxd4 gxf4 25.gxf4 Rg1+ 26.Rd1 Rxd1+ 27.Bxd1 Rg8 28.e5 Rg1
29.exd6+ Kxd6 30.Rd3+ Ke7 31.Kc1 Rf1 32.Rh3 Rxf4 33.Rxh6 Rf2 34.h4 Rh2 35.h5
e5 36.Bg4 Be4 37.Bd1 Bc6 38.Bg4 e4 39.Rh8 e3 40.c3 Be4 {#R} 0-1

[Event "Ch Serbia (juniors) (under 20)"]
[Site "masterchessopen.com – Vrnjacka Banja (Serbia)"]
[Date "2006.08.17"]
[Round "4"]
[White "Krstic Petar (SRB)"]
[Black "Bogosavljevic Boban (SRB)"]
[Result "0-1"]
[WhiteElo "2205"]
[BlackElo "2375"]

1.e4 c5 2.Nf3 Nc6 3.d4 cxd4 4.Nxd4 Nf6 5.Nc3 d6 6.Bg5 Bd7 7.Qd2 a6 8.O-O-O e6
9.f4 Be7 10.Nxc6 Bxc6 11.Qe1 Qc7 12.Bd3 O-O-O 13.Kb1 d5 14.e5 d4 15.Ne2 Ng4
16.Bxe7 Qxe7 17.Qg3 Ne3 18.Nxd4 Nxd1 19.Nxc6 bxc6 20.Rxd1 Kb7 21.Qe3 Rd5
22.Qe2 a5 23.Ba6+ Ka7 24.Rxd5 cxd5 25.Bb5 Qc5 26.a4 Rc8 27.g3 Qg1+ 28.Ka2 Qd4
29.Qh5 Rc7 30.Qxh7 g5 31.c3 Qe4 32.Qh6 d4 33.cxd4 Qd5+ 34.Kb1 Qh1+ 35.Ka2 Rc1
36.Ka3 Ra1+ {#R} 0-1

[Event "It (open)"]
[Site "masterchessopen.com – Leuven (Belgium)"]
[Date "2006.11.09"]
[Round "0"]
[White "Froeyman Helmut (BEL)"]
[Black "Goossens Roel (BEL)"]
[Result "1-0"]
[WhiteElo "2246"]
[BlackElo "2079"]

1.e4 c5 2.Nf3 d6 3.d4 cxd4 4.Nxd4 Nf6 5.Nc3 Nc6 6.Bg5 e6 7.Qd2 a6 8.O-O-O Bd7
9.f4 Be7 10.Be2 b5 11.Bxf6 Bxf6 12.Nxc6 Bxc6 13.Qxd6 Qxd6 14.Rxd6 Rc8 15.Bf3
Bxc3 16.bxc3 Ke7 17.Rhd1 Rc7 18.Kb2 Rhc8 19.a3 a5 20.R6d4 f6 21.R1d3 e5
22.fxe5 fxe5 23.Rd6 b4 24.c4 Ba4 25.Bg4 Rb8 26.Re6+ Kf8 27.Rxe5 bxa3+ 28.Kxa3
Bxc2 29.Rc3 Bb1 30.c5 Rcb7 31.c6 Rb2 32.Rf3+ Kg8 33.Be6+ Kh8 34.c7 {#r} 1-0